000 00381nam a2200145Ia 4500
008 240624s9999 xx 000 0 und d
041 _aeng
082 _a302.35 JAC
100 _aJACKSON NORMAN
245 _aRETHINKING ORGANISATIONAL BEHAVIOUR A PO
250 _a(2nd ed.)
260 _c2007
_aEngland
_bFT Prentice Hall
300 _axiv, : 390 : p. : cm. ; 24
365 _c
_b30
999 _c15395
_d15395